1819 1093 1803 1558 1907 1999 1474 1888 1903 1597 1297 1444 1096 1589 1165 1319 1444 1437 1227 1192 1124 1062 1643 1969 1253 1601 1840 1783 1652 1190 1866 1802 1922 1557 1233 1282 1940 1955 1295 1128 1489 1099 1774 1264 1253 1242 1964 1428 1283 1034 1735 1873 1662 1257 1751 1506 1114 1569 1487 1313 1287 1859 1600 1136 1273 1399 1487 1682 1099 1104 1324 1089 1215 1327 1491 1443 1196 1029 1589 1680 1336 1870 1350 1971 1490 1299 1686 1252 1047 1604 1220 1317 1348 1213 1513 1799 1973 1671 1219 BCNSPRNW ULIB Ver.6.0+V

เปลี่ยนเป็นภาษาไทย

Change to English
 แสดงรายละเอียดบรรณานุกรม
  กลับหน้าหลัก

Brief Record : Get Marc (ISO 2709) : E-mail record : QR code < ปิดหน้าต่าง
LEADER : 00000nam 2200000uu 4500
001    13399121426
003     ULIB
008    110609s2546 th 000 1 tha d
020    ^a9789749168165
090    ^aรส^bส234ค 2546
100 0  ^aสมคิด สิงสง
245 10 ^aคนกับควายและงานคัดสรร /^cสมคิด สิงสง, สุรชัย จันทิมาธร
250    ^aพิมพ์ครั้งที่ 1
260    ^aกรุงเทพฯ :^bมูลนิธิสถาบันวิชาการ 14 ตุลา,^c2546
300    ^a178 หน้า ;^c21 ซม.
490 0  ^aหนังสือชุด''ตุลาวรรณกรรม''
500    ^aฉลองครบรอบ 30 ปี 14 ตุลา : 2516-2546 ร่วมวาระประวัติศาสตร์''''วัน 14 ตุลา ประชาธิปไตย''''
650  4 ^aเรื่องสั้น^xรวมเรื่อง
650  4 ^aเรื่องสั้นไทย
650  4 ^aกวีนิพนธ์
650  4 ^aกวีนิพนธ์^xรวมเรื่อง
650  4 ^aกวีนิพนธ์ไทย^xรวมเรื่อง
700 0  ^aสุรชัย จันทิมาธร
710 2  ^aมูลนิธิสถาบันวิชาการ 14 ตุลา
945    ^p0^l0^i14362
995    ^aกัณชพร
999    ^aกัณชพร
รายการนี้ยังไม่มีแท็ก
คุณยังไม่ได้ล็อกอิน คุณสามารถมีกิจกรรมร่วมกับเว็บไซต์ได้ แต่ต้องล็อกอินก่อน ::
  ล็อกอิน

รายการสื่อสารสนเทศ

ลำดับที่ ประเภท เลขเรียก/บาร์โค้ด สถานที่ สถานะ
1. วิทยาศาสตร์การแพทย์ และสุขภาพ
วิทยาศาสตร์การแพทย์ และสุขภาพ
รส ส234ค 2546  
  Barcode: 14362
ห้องสมุดวิทยาเขตสวรรค์ประชารักษ์
►นวนิยาย
บนชั้น
  ขอยืม

รายการใกล้เคียง
    หัวเรื่อง [เรื่องสั้น รวมเรื่อง]
    หัวเรื่อง [เรื่องสั้นไทย]
    หัวเรื่อง [กวีนิพนธ์]

BibComment


ยังไม่เคยถูกคอมเมนท์

คอมเมนท์ทรัพยากรรายการนี้
  คอมเมนท์: คนกับควายและงานค..


 Copyright 2026. Bcnsprnw @Library